000 00307nam a2200133Ia 4500
005 20251222155050.0
008 251222s9999||||xx |||||||||||||| ||spa||
082 _aREL.94
100 _aP.ANTONIO Ma.
245 0 _aCompendio de TeologĂ­a Moral
250 _a24va. ed.
264 _bNo tiene
942 _cLIB
999 _c37229
_d37229